000 02045cam a22004094i 4500
003 PE-LiUPU
005 20250731183355.0
008 161207s r 000 0 spa d
020 _a9789972718267
035 _a(Sirsi) a165577
040 _aPE-LiUPU
049 _aPRUA
082 0 4 _a704.944
_bM6
040 _aPE-LiUPU
245 _aModelando el mundo :
_bimágenes de la arquitectura precolombina /
_cEditores: Cecilia Pardo. José Canziani ; Luis Jaime Castillo ; Paulo Dam, investigadores.
264 _aLima :
_bMuseo de Arte de Lima,
_c2011.
300 _a228 páginas :
_bilustraciones ;
_c29 centímetros.
336 _text
_2rdacontent
337 _unmediated
_2rdamedia
338 _volume
_2rdacarrier
504 _abibliografía : páginas 221-225.
505 0 _aModelando el mundo. imágenes de la arquitectura precolombiana -- El lenguaje de las formas -- y la representación arquitectónica en el mundo prehispánico -- Antiguas maquetas arqutectónicas: ¿Qué nos puede decir? Un marco metodológico -- Las maquetas arquitectónicas de San José de Moro: Aproimaciones a su contexto y significado -- Las maquetas chimú de la Huaca de la Luna -- y sus contextos -- La relación simbólica entre las representaciones arquitectónicas en las vasijas Mochica y su función ritual -- Modelando el mundo: de las líneas y los muros en las representaciones arquitectónicas prehispánicas.
526 _aP158
526 _aP146
526 _aP17
526 _aP12
526 _aP06
541 _g003-0047643;
650 0 4 _aHuacas
_zPerú.
650 0 4 _aChimú Cultura.
650 0 4 _aMochica, Cultura.
700 1 _aPardo, Cecilia,
_editor.
710 2 _aMuseo de Arte de Lima.
596 _a1
942 _2ddc
_cBOOK
999 _a704.944 M6
_wDEWEY
_c14356
_i74900
_d14356
_e2018-4-6
_f2021-11-9
_g7
_lCCODEBUL1
_mBUL
_n1
_p41.82
_q1
_r0
_sY
_tBOOK
_u2016-12-7
_xINGENIERIA
_PP06
_0COMPRA
_o.STAFF. Colección FIA
980 _81
_gALBERTO SANCHEZ Responsable de Automatización